তুমি কীভাবে ভালো থাকবে / (Record no. 13454)
[ view plain ]
| 000 -LEADER | |
|---|---|
| fixed length control field | 00796nam a2200241 a 4500 |
| 001 - CONTROL NUMBER | |
| JCCL Control Number | 13454 |
| 003 - CONTROL NUMBER IDENTIFIER | |
| JCCL marc code | BD-JhCC |
| 005 - DATE AND TIME OF LATEST TRANSACTION | |
| control field | 20231002131140.0 |
| 008 - FIXED-LENGTH DATA ELEMENTS--GENERAL INFORMATION | |
| fixed length control field | 171126s20152019bg |||| ||a| 000 0 ben d |
| 020 ## - INTERNATIONAL STANDARD BOOK NUMBER | |
| International Standard Book Number | 9789849120070 |
| 035 ## - SYSTEM CONTROL NUMBER | |
| system control number | (BD-JhCC) 13454 |
| 040 ## - CATALOGING SOURCE | |
| Original cataloging agency | BD-JhCC |
| Modifying agency | BD-JhCC |
| 041 ## - LANGUAGE CODE | |
| Language code of Book | bengali |
| 082 ## - DEWEY DECIMAL CLASSIFICATION NUMBER | |
| Classification number | 649.012 |
| Author mark and Year | CHO 2019 |
| 100 ## - MAIN ENTRY--PERSONAL NAME | |
| Personal name | চৌধরী, ডা: প্রণব কুমার |
| 245 ## - TITLE STATEMENT | |
| Title | তুমি কীভাবে ভালো থাকবে / |
| Statement of responsibility, etc | ডা: প্রণব কুমার চৌধরী। |
| 260 ## - PUBLICATION, DISTRIBUTION, ETC. (IMPRINT) | |
| Place of publication, distribution, etc | ঢাকা : |
| Name of publisher, distributor, etc | প্রথমা প্রকাশন, |
| Date of publication, distribution, etc | ২০১৯. |
| 300 ## - PHYSICAL DESCRIPTION | |
| Pagination | ৯৫ পৃ. : |
| Dimensions | ২১ সেমি. |
| 650 ## - SUBJECT ADDED ENTRY--TOPICAL TERM | |
| Topical term or geographic name as entry element | Child development |
| 650 ## - SUBJECT ADDED ENTRY--TOPICAL TERM | |
| Topical term or geographic name as entry element | Child, growth |
| 942 ## - ADDED ENTRY ELEMENTS (KOHA) | |
| Source of classification or shelving scheme | Dewey Decimal Classification |
| Koha item type | Books |
| Source of classification or shelving scheme | Damaged status | Not for loan | Home library | Current library | Shelving location | Date of accession | Cost, normal purchase price | Total Checkouts | Full call number | Barcode | Date last seen | Copy number | Method of acquisition | Koha item type | Currency |
|---|---|---|---|---|---|---|---|---|---|---|---|---|---|---|---|
| Dewey Decimal Classification | JCC Rouf Library | JCC Rouf Library | General Stacks | 10/02/2023 | 165.00 | 649.012 CHO 2019 | 17978 | 10/02/2023 | C-1 | Purchase | Books | BDT |